| 000 | 01058nac a22002897a 4500 | ||
|---|---|---|---|
| 001 | BR7804355 | ||
| 003 | BR-BrBNA | ||
| 005 | 20240105114248.0 | ||
| 008 | 230509b bl.|||m| |||| 00| 0 por d | ||
| 040 |
_aBR-BrBNA _bpor _cBiblioteca Nacional de Agricultura |
||
| 072 | _aF00; H00 | ||
| 090 | _a1530 BR7804355 | ||
| 110 | 1 |
_aEmpresa Brasileira de Assistencia Tecnica e Extensao Rural, Brasilia, DF; _93797 |
|
| 110 | 1 |
_aEmpresa Brasileira de Pesquisa Agropecuaria, Brasilia, DF _93834 |
|
| 245 | 1 | _aSistemas de producao para a cultura da cenoura [Daucus carota; Minas Gerais; Brasil] | |
| 260 | 3 |
_aLavras, MG (Brasil): _bEmpresa de Assistencia Tecnica e Extensao Rural do Estado de Minas Gerais, _c1978. |
|
| 300 | _a26 p. | ||
| 490 |
_aSistemas de Producao. Boletim (Brazil) _vno. 154 _xISSN 0100-5359 |
||
| 650 | _aProducao vegetal | ||
| 650 | _aDefesa vegetal | ||
| 650 | _aCenoura | ||
| 650 | _aPratica cultural | ||
| 650 | _aLavras | ||
| 650 | _aMinas Gerais | ||
| 909 |
_a202312 _bLúcia Elande _c55 _dLúcia Elande |
||
| 942 |
_2AGRIS _n0 _cMS |
||
| 999 |
_c268326 _d268326 |
||